000 00548nam a2200205Ia 4500
005 20250508160906.0
008 008 250505s9999 xx 000 0 hin d
037 _aTextBook
040 _aFEDL
_beng
_cFEDL
041 _ahin
_2eng
084 _a491.430 7, SAF/R
_qFEDL
100 _aSafaya Raghunath
_984050
245 0 _aHindi shikshan vidhi
250 _a7
260 _aJalandhar, India
_bPunjab Kitab Ghar
_c1975
300 _a444p
365 _aINR
_b15
942 _cTB
_h491.430 7, SAF/R
999 _c1367224
_d1367224